Odious Oceans / (Record no. 5223)

MARC details
000 -LEADER
fixed length control field 01213nam a22003137a 4500
001 - CONTROL NUMBER
control field 5223
003 - CONTROL NUMBER IDENTIFIER
control field FISKH
005 - DATE AND TIME OF LATEST TRANSACTION
control field 20241120105328.0
008 - FIXED-LENGTH DATA ELEMENTS--GENERAL INFORMATION
fixed length control field 241120b cb ||||| |||| 00| 0 eng d
020 ## - INTERNATIONAL STANDARD BOOK NUMBER
International Standard Book Number 9780439944540
040 ## - CATALOGING SOURCE
Original cataloging agency FISKH
Language of cataloging eng
Transcribing agency FISKH
Modifying agency FISKH
050 ## - LIBRARY OF CONGRESS CALL NUMBER
Classification number GC21.G355
082 ## - DEWEY DECIMAL CLASSIFICATION NUMBER
Classification number 551.46
100 ## - MAIN ENTRY--PERSONAL NAME
Personal name Ganeri, Anita
245 ## - TITLE STATEMENT
Title Odious Oceans /
Statement of responsibility, etc. by Anita Ganeri : illustrated by Mike Phillips
260 ## - PUBLICATION, DISTRIBUTION, ETC.
Place of publication, distribution, etc. New York :
Name of publisher, distributor, etc. Scholastic ;
Date of publication, distribution, etc. 1999 .
300 ## - PHYSICAL DESCRIPTION
Extent 160 pages :
Other physical details illustrations ;
Dimensions 21 cm .
490 ## - SERIES STATEMENT
Series statement Horrible Geography
505 ## - FORMATTED CONTENTS NOTE
Formatted contents note S <br/>
520 ## - SUMMARY, ETC.
Summary, etc. Horrible Geography takes you under the sea with Odious Oceans. Discover where in the world you can tuck into a poisonous pufferfish, spot some perilous pirates and explore the savage seabed! Filled with hilarious illustrations by Mike Phillips, Horrible Geography is the perfect escapism from miserable maps, rotten rock piles and dire diagrams. Hold tight!
521 8# - TARGET AUDIENCE NOTE
Target audience note 790 <br/>
Source Lexile <br/>
521 8# - TARGET AUDIENCE NOTE
Target audience note S <br/>
Source Raz-Plus <br/>
650 ## - SUBJECT ADDED ENTRY--TOPICAL TERM
Topical term or geographic name entry element humor
Form subdivision non-fiction
650 ## - SUBJECT ADDED ENTRY--TOPICAL TERM
Topical term or geographic name entry element geography
Form subdivision non-fiction
650 ## - SUBJECT ADDED ENTRY--TOPICAL TERM
Topical term or geographic name entry element science
Form subdivision non-fiction
700 ## - ADDED ENTRY--PERSONAL NAME
Personal name Phillips, Mike
Relator term illustrator
942 ## - ADDED ENTRY ELEMENTS (KOHA)
Source of classification or shelving scheme Dewey Decimal Classification
Koha item type Books
Suppress in OPAC No
Holdings
Withdrawn status Lost status Source of classification or shelving scheme Damaged status Not for loan Collection Home library Current library Shelving location Date acquired Total Checkouts Full call number Barcode Date last seen Copy number Price effective from Koha item type
    Dewey Decimal Classification     Non-Fiction Footprints International School Library Network Toul Tom Poung Campus Footprints International School Library Network Toul Tom Poung Campus TTP Secondary Non-Fiction Bookshelves 11/20/2024   GAN 551.46 GC21.G355 FISSE00100 11/20/2024 1 11/20/2024 Books
    Dewey Decimal Classification     Non-Fiction Footprints International School Library Network Toul Tom Poung Campus Footprints International School Library Network Toul Tom Poung Campus TTP Secondary Non-Fiction Bookshelves 11/20/2024   GAN 551.46 GC21.G355 FIS01173 01/08/2025 2 11/20/2024 Books
    Dewey Decimal Classification     Non-Fiction Footprints International School Library Network Toul Tom Poung Campus Footprints International School Library Network Toul Tom Poung Campus TTP Secondary Non-Fiction Bookshelves 07/25/2025   GAN 551.46 GC21.G355 FIS05392 07/25/2025 3 11/20/2024 Books